A Practical Intermediate Chinese Course I Supplementary Book (Record no. 2060)

000 -LEADER
fixed length control field 00736cam a22002771 4500
001 - CONTROL NUMBER
control field 7516247
003 - CONTROL NUMBER IDENTIFIER
control field OSt
005 - DATE AND TIME OF LATEST TRANSACTION
control field 20160225164948.0
008 - FIXED-LENGTH DATA ELEMENTS--GENERAL INFORMATION
fixed length control field 741108s1964 xx 000 0 eng
010 ## - LIBRARY OF CONGRESS CONTROL NUMBER
LC control number 64012649
015 ## - NATIONAL BIBLIOGRAPHY NUMBER
National bibliography number GB65-699
020 ## - INTERNATIONAL STANDARD BOOK NUMBER
International Standard Book Number 9787561934340
035 ## - SYSTEM CONTROL NUMBER
System control number (OCoLC)1070670
040 ## - CATALOGING SOURCE
Original cataloging agency DLC
Transcribing agency OTU
Modifying agency OCoLC
-- Uk
-- DLC
041 0# - LANGUAGE CODE
Language code of text/sound track or separate title chi
042 ## - AUTHENTICATION CODE
Authentication code premarc
050 00 - LIBRARY OF CONGRESS CALL NUMBER
Classification number PL1117.C44 2014
Item number
100 1# - MAIN ENTRY--PERSONAL NAME
Personal name Chen, Zhuo
245 10 - TITLE STATEMENT
Title A Practical Intermediate Chinese Course I Supplementary Book
Statement of responsibility, etc Zhuo Chen
250 ## - EDITION STATEMENT
Edition statement 3rd. ed
260 ## - PUBLICATION, DISTRIBUTION, ETC. (IMPRINT)
Place of publication, distribution, etc
Name of publisher, distributor, etc
Date of publication, distribution, etc 2012.
300 ## - PHYSICAL DESCRIPTION
Extent 88 p.
Other physical details illus.
Dimensions 26 cm.
650 #0 - SUBJECT ADDED ENTRY--TOPICAL TERM
Topical term or geographic name as entry element Chinese language
General subdivision Readers.
906 ## - LOCAL DATA ELEMENT F, LDF (RLIN)
a 7
b cbc
c oclcrpl
d u
e ncip
f 19
g y-gencatlg
942 ## - ADDED ENTRY ELEMENTS (KOHA)
Source of classification or shelving scheme
Koha item type Book
Holdings
Withdrawn status Lost status Source of classification or shelving scheme Damaged status Not for loan Home library Current library Shelving location Date acquired Total Checkouts Full call number Barcode Date last seen Copy number Price effective from Koha item type
          Riara University Library Riara University Library General stack 25/02/2016   PL1117.C44 2014 6724/16 25/02/2016 C.1 25/02/2016 Book
          Riara University Library Riara University Library General stack 25/02/2016   PL1117.C44 2014 6725/16 25/02/2016 C.2 25/02/2016 Book
          Riara University Library Riara University Library General stack 25/02/2016   PL1117.C44 2014 6867/16 25/02/2016 C.3 25/02/2016 Book

Riara University Library,
P.O. Box 49940-00100,
Nairobi, Kenya.